000 00462cam a2200193ua 4500
001 95
008 110316n ii |||gr||||Z||||||eng
020 _a81-7656-106-1
040 _cMAIN
082 _a005
245 _aLet us C++.
_cBy Yashvant Kanetkar.
250 _a1st.
260 _aNew Delhi.:
_bBPB.,
_c2002.
300 _axii, 594 p.:
_bill.;
_c20 cm.
653 _aComputer Science.
653 _aLet us C++.
700 1 _aKanetkar, Yashvant.,
942 _cBK
999 _c86
_d86